Mozambique 2013

Salvato in:
Dettagli Bibliografici
Natura: Libro
Lingua:inglese
Pubblicazione: Paris OECD 2013
Serie:OECD Investment Policy Reviews
Soggetti:
Tags: Aggiungi Tag
Nessun Tag, puoi essere il primo ad aggiungerne!!

MARC

LEADER 00000nam a2200000 4500
001 0185539
005 20240315120934.0
020 |a 978-92-64-20330-3 
041 0 |a eng 
044 |a FR 
245 1 0 |a Mozambique 2013 
264 1 |a Paris  |b OECD  |c 2013 
300 |a 153 s. 
490 1 |a OECD Investment Policy Reviews 
830 0 |a OECD Investment Policy Reviews 
610 2 0 |a politika investičná 
610 2 0 |a investície 
610 2 0 |a energia elektrická 
610 2 0 |a doprava 
610 2 0 |a zdroje vodné 
610 2 0 |a technológie komunikačné 
610 2 0 |a technológie informačné 
610 2 0 |a produkt domáci hrubý 
610 2 0 |a investície priame zahraničné 
610 2 0 |a obchod 
610 2 0 |a Mozambik